| 000 | 00704nam a2200205Ia 4500 | ||
|---|---|---|---|
| 003 | GCL | ||
| 008 | 140319s9999 xx 000 0 eng d | ||
| 020 | _a9771800353 | ||
| 040 |
_aGCL / _cGCL |
||
| 082 | 0 | 4 |
_a372.66 _bK G |
| 100 | 1 | _aMOHAMED ABOU EL KHIR | |
| 245 | 1 | 0 |
_aCHILDREN'S DRAMA : _bTHE USE OF RESOURCES IN THE DEVELOPMENT OF LEARNING THROUGH DRAMA IN EDUCATION / _cMOHAMED ABOU EL KHIR |
| 260 |
_aالقاهرة : _bTHE DOCUMENTATION AND RESEARCH CENTER FOR CHILDREN'S LITERATURE ، _c1996 |
||
| 300 |
_a22CM ؛ _c290 P |
||
| 650 | 0 | 4 | _aTHEATER - STUDY AND TEACHING |
| 650 | 0 | 4 | _aELEMENTARY EDUCATION |
| 650 | 0 | 4 | _aLANGUAGE - LITERATURE |
| 650 | 0 | 4 | _aDRAMA - EDUCATION |
| 942 |
_2ddc _cBK |
||
| 999 |
_c15752 _d15752 |
||